Quel pays est le plus à l'Ouest - Statistiques

Statistiques générales
  • Ce quiz a été pris 50 fois
  • Le résultat moyen est 25 sur 40
Statistiques - réponses
Question Tuile Select % Correct
Choisissez le pays le plus à l'Ouest Jamaïque Non
96%
Choisissez le pays le plus à l'Ouest Tadjikistan Non
94%
Choisissez le pays le plus à l'Ouest Bosnie-Herzégovine Non
90%
Choisissez le pays le plus à l'Ouest Panama Non
88%
Choisissez le pays le plus à l'Ouest Corée du Sud Non
85%
Choisissez le pays le plus à l'Ouest Slovaquie Non
85%
Choisissez le pays le plus à l'Ouest Hongrie Non
81%
Choisissez le pays le plus à l'Ouest Roumanie Non
79%
Choisissez le pays le plus à l'Ouest Suisse Non
79%
Choisissez le pays le plus à l'Ouest Bhoutan Non
77%
Choisissez le pays le plus à l'Ouest Guinée-Équatoriale Non
77%
Choisissez le pays le plus à l'Ouest Ghana Non
75%
Choisissez le pays le plus à l'Ouest Kirghizistan Non
75%
Choisissez le pays le plus à l'Ouest Burundi Non
73%
Choisissez le pays le plus à l'Ouest Eswatini Non
73%
Choisissez le pays le plus à l'Ouest Bangladesh Non
71%
Choisissez le pays le plus à l'Ouest Lithuanie Non
71%
Choisissez le pays le plus à l'Ouest Rwanda Non
71%
Choisissez le pays le plus à l'Ouest Soudan Non
71%
Choisissez le pays le plus à l'Ouest Kosovo Non
69%
Choisissez le pays le plus à l'Ouest Guinée Non
67%
Choisissez le pays le plus à l'Ouest Papouasie-Nouvelle-Guinée Non
67%
Choisissez le pays le plus à l'Ouest Tunisie Non
67%
Choisissez le pays le plus à l'Ouest Mongolie Non
65%
Choisissez le pays le plus à l'Ouest Slovénie Oui
65%
Choisissez le pays le plus à l'Ouest Albanie Non
63%
Choisissez le pays le plus à l'Ouest Serbie Non
63%
Choisissez le pays le plus à l'Ouest Monaco Non
58%
Choisissez le pays le plus à l'Ouest Botswana Oui
52%
Choisissez le pays le plus à l'Ouest Corée du Nord Non
52%
Choisissez le pays le plus à l'Ouest Ouzbékistan Non
52%
Choisissez le pays le plus à l'Ouest Guinée-Bissau Oui
40%
Choisissez le pays le plus à l'Ouest Lesotho Oui
38%
Choisissez le pays le plus à l'Ouest Népal Oui
38%
Choisissez le pays le plus à l'Ouest Turkménistan Oui
33%
Choisissez le pays le plus à l'Ouest Philippines Oui
27%
Choisissez le pays le plus à l'Ouest Luxembourg Oui
25%
Choisissez le pays le plus à l'Ouest Pérou Non
25%
Choisissez le pays le plus à l'Ouest Monténégro Oui
23%
Choisissez le pays le plus à l'Ouest Cuba Oui
10%
Aucun quiz correspondant
Distribution des résultats
% des personnes avec chaque résultat
Percentile par nombre de réponses
Votre historique - résultats
Vous n’avez pas pris ce quiz